000 00573nam a2200241 a 4500
001 nice12345678
003 IN_TiNIC
005 20260116011400.0
008 050524s1908 beia grp 000 0 ara
020 _a
_c100
082 0 0 _a492.75
_bYUS
100 _aYusuf, Aftimus
245 _aTaiyab-Al Arf-Fi-Fan Al Sarf
260 _aBeirut
_bMatbatul Ameer
_c1908
300 _a379p
500 _aincludes index and biblioraphy
505 2 _aVocabulary
650 _aArabic-Grammar
700 1 _aYusuf, Aftimus
902 _bSRS
942 _cBK
999 _c1034
_d1034